000 006500000a22001810004500
003 MACL
005 20160207154638.0
008 160207b xxu||||| |||| 00| 0 eng d
040 _aMACL
_cMACL
041 _aHindi
082 _a294
100 _aआचार्य डा रामकृष्‍णा
_937338
245 _aब्रहम्‍सूत्री के वैष्‍णव-भाष्‍या का तुलनात्‍मक अघ्‍ययन
260 _bविनोद पुस्‍तक मन्दिर
_c1960
_aआगरा
350 _a10
650 _aReligion
_937339
942 _cHIN
_k294.5
_2ddc
999 _c25627
_d25627